| 000 | 01244cam a22003255a 4500 | ||
|---|---|---|---|
| 001 | 016897874 | ||
| 003 | Uk | ||
| 005 | 20161204111909.0 | ||
| 008 | 140821s2015 enka fr 001 0|eng d | ||
| 015 |
_aGBB4B6083 _2bnb |
||
| 016 | 7 |
_a016897874 _2Uk |
|
| 020 | _a9780521709873 (pbk.) | ||
| 020 | _a0521709873 (pbk.) | ||
| 040 |
_aStDuBDS _beng _cStDuBDS _eEG-ScBUE |
||
| 082 | 0 | 4 |
_222 _a657.7 _bGRI |
| 100 | 1 |
_aGrifell-Tatjé, E. _q(Emili) _941606 |
|
| 245 | 1 | 0 |
_aProductivity accounting : _bthe economics of business performance / _cEmili Grifell-Tatjé, C.A. Knox Lovell. |
| 260 |
_aNew York ; _bCambridge University Press, _c2015. |
||
| 300 |
_axx, 386 p. : _bill. (black and white) ; _c24 cm. |
||
| 500 | _aIndex : p. 379-386. | ||
| 504 | _aBibliography : p. 359-378. | ||
| 520 | _aProductivity Accounting offers in-depth analysis of variation in business performance, providing an analytical framework which accounts for causes and consequences. | ||
| 590 | _aWessam | ||
| 650 | 7 |
_aProductivity accounting. _2BUEsh _941607 |
|
| 651 | _2BUEsh | ||
| 653 |
_bBUSADM _cOctober2016 |
||
| 650 | 7 |
_932730 _aIndustrial productivity _xMeasurement _2BUEsh |
|
| 700 | 1 |
_aLovell, C. A. Knox. _941608 |
|
| 942 |
_2ddc _e22 _k657.7 GRI |
||
| 999 |
_c22817 _d22789 |
||